| 000 | 00527nam a2200181 a 4500 | ||
|---|---|---|---|
| 020 | _a0964696916 | ||
| 040 | _cDLC | ||
| 082 | 0 | 0 | _a621 DIS 1997 A050 Or. |
| 100 | 1 | _aRoden, Martin S. | |
| 245 | 1 | 0 |
_aElectronic design : _bfrom concept to reality / |
| 250 | _a3rd ed. | ||
| 260 |
_aBurbank, CA : _bDiscovery Press, _cc1997. |
||
| 300 |
_axxii, 1002 p. : _bill. ; _c24 cm. + _e2 computer disks (3 1/2 in.) |
||
| 500 | _aIncludes index. | ||
| 650 | 0 | _aElectronic circuit design. | |
| 700 | 1 | _aCarpenter, Gordon L. | |
| 942 | _cEK | ||
| 999 |
_c14262 _d14262 |
||